000 00504nam a2200181Ia 4500
005 20250508154517.0
008 008 250505s9999 xx 000 0 eng d
037 _aTextual
040 _aFEDL
_beng
_cFEDL
041 _aeng
_2eng
084 _a311, WILL
_qFEDL
100 _aWilks S. S.
245 0 _aElementary statistical analysis
260 _aCalcutta, India
_bOxford and IBH Publishing Co.
_c1964
300 _axi,284p
942 _cTEXL
_h311, WILL
999 _c1350674
_d1350674